000 00638nas a2200229 4500
001 BR8703481
003 BR-BrBNA
005 20231205090700.0
007 ta
008 230509b bl.|||p| |||| 00| 00por d
040 _aBR-BrBNA
_bpor
_cBiblioteca Nacional de Agricultura
041 _a(Pt)
072 _aL72
110 1 _aInstituto Estadual de Saude Animal, Belo Horizonte, MG (Brasil)
_96338
245 1 _aMoscas
650 _aBOVINO
650 _aMOSCA
650 _aCONTROLE QUIMICO
773 0 _tIESACAO (Brazil)
_x
_g(Jun-Jul 1984), 4(23) p. 5
_wBR8703481
909 _a202311
_bLúcia
_c55
_dLúcia Elande
942 _2AGRIS
_n0
_cANA
999 _c120231
_d120231